Modelo de fomento para la creación de empresas de base tecnológica en la Facultad de Ingeniería de la UCR
Gespeichert in:
| 1. Verfasser: | |
|---|---|
| Weitere Verfasser: | , , |
| Format: | Buch |
| Sprache: | Spanish |
| Veröffentlicht: |
[San José, Costa Rica]
2013
|
| Schlagworte: | |
| Tags: |
Tag hinzufügen
Keine Tags, Fügen Sie den ersten Tag hinzu!
|
MARC
| LEADER | 00000nam a22000007a 4500 | ||
|---|---|---|---|
| 003 | 011745 | ||
| 005 | 20231127102344.0 | ||
| 008 | 150930b2013 cr a|||| |||| 00| ||spa d | ||
| 040 | |c cru CEDI | ||
| 090 | |a TFG 6915 | ||
| 100 | |9 1218 |a Chavarría Vargas, Alejandro | ||
| 245 | |a Modelo de fomento para la creación de empresas de base tecnológica en la Facultad de Ingeniería de la UCR | ||
| 260 | |a [San José, Costa Rica] |c 2013 | ||
| 300 | |a 235 hojas : ilustraciones a color | ||
| 500 | |a Proyecto de graduación (licenciatura en ingeniería industrial)--Universidad de Costa Rica. Facultad de Ingeniería. Escuela de Ingeniería Industrial | ||
| 501 | |a Directora de Proyecto de Graduación: Ing. Paola Gamboa Hernández | ||
| 610 | 0 | |9 1321 |a UNIVERSIDAD DE COSTA RICA. FACULTAD DE INGENIERIA. ESCUELA DE INGENIERIA INDUSTRIAL | |
| 650 | |x NUEVAS EMPRESAS - COSTA RICA |x EMPRENDEDORES |x PLANIFICACION EMPRESARIAL - COSTA RICA |x DESARROLLO CIENTIFICO Y TECNOLOGICO - COSTA RICA |x EMPRESAS - COSTA RICA |x PLANIFICACION ESTRATEGICA - METODOLOGIA - COSTA RICA |9 1221 | ||
| 700 | |9 1322 |a Fiatt Calvo, Roxana, 1988- | ||
| 700 | |9 1365 |a Montero Amador, Roberto, 1984- | ||
| 700 | |a Gamboa Hernández, Paola, 1979- |d Directora del TFG |9 307 | ||
| 942 | |c CEDI | ||
| 999 | |c 14030 |d 14030 | ||
